|
|
|
|
| LEADER |
00000nas a2200000 a 4500 |
| 001 |
ssj0028654 |
| 003 |
WaSeSS |
| 005 |
20200512172242.0 |
| 006 |
m d |
| 007 |
cr n |
| 008 |
050818c19789999iluqr p sg 0 a0eng c |
| 010 |
|
|
|a 2007228720
|
| 016 |
7 |
|
|a 100971821
|2 DNLM
|
| 022 |
|
|
|a 2154-4344
|y 0897-1277
|
| 030 |
|
|
|a JURIFF
|
| 035 |
|
|
|a (WaSeSS)ssj0028654
|
| 037 |
|
|
|b American Bar Association, 321 N. Clark, Chicago, IL 60654
|
| 040 |
|
|
|a CPV
|b eng
|c CPV
|d OCLCQ
|d UX1
|d DOS
|d UQ1
|d DLC
|d ZCL
|d LGG
|d EMI
|d CO3
|d OCLCQ
|d EYM
|d OCLCO
|d DLC
|d COO
|d OCLCO
|d OCLCF
|d OCLCO
|d OCLCQ
|d UTV
|d BUF
|d OCLCO
|d AU@
|d VT2
|d UUM
|d WaSeSS
|
| 042 |
|
|
|a pcc
|a nsdp
|
| 043 |
|
|
|a n-us---
|
| 050 |
|
4 |
|a K10
|b .U67
|
| 082 |
1 |
0 |
|a 344
|2 14
|
| 082 |
0 |
4 |
|a 344/.095/05
|2 19
|
| 082 |
0 |
4 |
|a 342.49505
|2 19
|
| 222 |
|
0 |
|a Jurimetrics
|b (Chicago, Ill. Online)
|
| 245 |
0 |
0 |
|a Jurimetrics
|h [electronic resource].
|
| 246 |
3 |
|
|a Jurimetrics journal of law, science and technology
|
| 246 |
1 |
3 |
|a Jurimetrics journal
|
| 260 |
|
|
|a Chicago, IL :
|b Section of Science & Technology, American Bar Association,
|c ©1979-
|
| 310 |
|
|
|a Quarterly
|
| 362 |
1 |
|
|a Began with vol. 19, no. 2 (winter 1978).
|
| 500 |
|
|
|a "Journal of law, science and technology."
|
| 506 |
|
|
|a License restrictions may limit access.
|
| 515 |
|
|
|a Special issue for 1979 called also v. 19, no. 5.
|
| 525 |
|
|
|a Special issue 1979 contains proceedings of the Section's annual meeting.
|
| 550 |
|
|
|a Vols. for spring 1985-winter 1986 issued by: American Bar Association Section of Science and Technology and the Arizona State University College of Law; spring 1986-2005 by the American Bar Association Section of Science and Technology, and the Center for the Study of Law, Science, and Technology of the Arizona State University College of Law; 2006- by American Bar Association Section of Science and Technology, and Center for the Study of Law, Science, and Technology Law, Sandra Day O'Connor College of Law, Arizona State University.
|
| 588 |
|
|
|a Description based on: Vol. 19, no. 2 (winter 1978); title from PDF cover (JSTOR, viewed April 10, 2013).
|
| 588 |
|
|
|a Latest issue consulted: Vol. 50, no. 1 (fall 2009) (abanet.org website, viewed Apr. 6, 2010).
|
| 650 |
|
0 |
|a Science and law
|v Periodicals.
|
| 650 |
|
0 |
|a Technology and law
|v Periodicals.
|
| 650 |
|
0 |
|a Judicial process
|z United States
|v Periodicals.
|
| 650 |
|
0 |
|a Legal research
|x Data processing.
|
| 650 |
|
0 |
|a Information storage and retrieval systems
|x Law.
|
| 650 |
|
0 |
|a Judicial process.
|
| 650 |
|
7 |
|a Information storage and retrieval systems
|x Law.
|2 fast
|0 (OCoLC)fst00972923
|
| 650 |
|
7 |
|a Judicial process.
|2 fast
|0 (OCoLC)fst00984705
|
| 650 |
|
7 |
|a Legal research
|x Data processing.
|2 fast
|0 (OCoLC)fst00995528
|
| 650 |
|
7 |
|a Science and law.
|2 fast
|0 (OCoLC)fst01108529
|
| 650 |
|
7 |
|a Technology and law.
|2 fast
|0 (OCoLC)fst01145264
|
| 650 |
|
7 |
|a Droit.
|2 rasuqam
|
| 650 |
1 |
7 |
|a Informatique juridique.
|2 rasuqam
|
| 650 |
1 |
7 |
|a Jurimétrie.
|2 rasuqam
|
| 650 |
|
7 |
|a Science (Connaissance scientifique)
|2 rasuqam
|
| 650 |
|
7 |
|a Nouvelles technologies de l'information.
|2 rasuqam
|
| 651 |
|
7 |
|a United States.
|2 fast
|0 (OCoLC)fst01204155
|
| 655 |
|
0 |
|a Electronic journals.
|
| 710 |
2 |
|
|a American Bar Association.
|b Section of Science and Technology.
|
| 710 |
2 |
|
|a American Bar Association.
|b Section of Science & Technology Law.
|
| 710 |
2 |
|
|a Arizona State University.
|b College of Law.
|
| 710 |
2 |
|
|a Arizona State University.
|b Center for the Study of Law, Science, and Technology.
|
| 710 |
2 |
|
|a Sandra Day O'Connor College of Law.
|b Center for the Study of Law, Science, and Technology.
|
| 776 |
0 |
8 |
|i Print version:
|t Jurimetrics
|x 0897-1277
|w (DLC) 86641268
|w (OCoLC)5266384
|
| 780 |
0 |
0 |
|t Jurimetrics journal (Online)
|x 2329-4930
|w (DLC) 2007228721
|w (OCoLC)61354203
|
| 856 |
4 |
0 |
|z Full text available from Research Library: 07/01/2007 to present
|u https://search.proquest.com/publication/40997
|